IIPA occasional papers :Some thoughts on adminstrative reforms probity in public life appointments to higher judiciary (Record no. 502462)

000 -LEADER
fixed length control field 00418cam a22001097a 4500
008 - FIXED-LENGTH DATA ELEMENTS--GENERAL INFORMATION
fixed length control field 180718b2006 xxu||||| |||| 00| 0 eng d
082 ## - DEWEY DECIMAL CLASSIFICATION NUMBER
Classification number Hx54 R18
100 ## - MAIN ENTRY--PERSONAL NAME
Personal name Rao, P.S.Ramamohan
245 ## - TITLE STATEMENT
Title IIPA occasional papers :Some thoughts on adminstrative reforms probity in public life appointments to higher judiciary
Statement of responsibility, etc. By P.S.Ramamohan RAO
260 ## - PUBLICATION, DISTRIBUTION, ETC.
Place of publication, distribution, etc. New delhi
Name of publisher, distributor, etc. Indian institute of publi adminstration
Date of publication, distribution, etc. 2006
300 ## - PHYSICAL DESCRIPTION
Extent 22
Holdings
Withdrawn status Lost status Damaged status Not for loan Permanent Location Current Location Date acquired Full call number Barcode Date last seen Price effective from Koha item type
        Indian Institute of Public Administration Indian Institute of Public Administration 2018-08-04 Hx54 R18 GR18708 2018-08-04 2018-08-04 GR

Powered by Koha